000 00604nam a2200217Ia 4500
005 20241129110129.0
008 241129s9999||||xx |||||||||||||| ||und||
020 _a978-1032667621
037 _aTB
040 _aARTS
_beng
_cARTS
041 _aeng
_2eng
084 _aO111944:g(Y35) R3
_qARTS
100 _aBhattacharya S Au.
_9699118
245 0 _aCity speaks
_cBhattacharya S Au.
260 _auk
_bRoutledge
_c2023
300 _axiv,313p.
365 _aINR
_b1595
650 _aEnglish LiteratureSociology
_9727314
942 _cTB
_hO111944:g(Y35) R3
999 _c1227418
_d1227418